00836nam a2200205 a 4500001001000000005001700010008004100027020001500068050002100083100002500104245015700129260002400286300001900310440003500329500003500364500012500399651003400524653003700558700003500595BRCA_137720190320203412.0100011s1984 mx-a---##c---#000-0#spa-# a9681617487 4aF1226b.L96 19841 aLyon, George Francis10aResidencia en México, 1826bdiario de una gira con estancia en la República de MéxicocG. F. Lyon ; traducción de Maria Luisa Herrera Casasús. aMéxicobFCEc1984 a298 p.c23 cm. 0aSección de obras de historia aIncluye glosario y apéndices aTraducción de : Journal of a Residence and Tour in the Republic of Mexico in the Year 1826. John Murray, Londres, 1828 4aMéxicoxHistoriaySiglo XIX0 aViajeros extranjeros en México1 aHerrera Casasús, Maria Luisa